[Event "EUR-chT Seniors 50"]
[Site "Mali Losinj"]
[Date "2019.09.19"]
[Round "2.4"]
[White "Ruiz Bellon, Manuel"]
[Black "Wood, Peter R"]
[Result "1-0"]
[WhiteElo "1973"]
[BlackElo "1884"]
[PlyCount "55"]
[EventDate "2019.09.18"]
[EventType "team-swiss"]
[EventRounds "9"]
[EventCountry "CRO"]
[SourceTitle "EXT 2020"]
[Source "ChessBase"]
[SourceDate "2019.10.17"]
[SourceVersion "1"]
[SourceVersionDate "2019.10.17"]
[SourceQuality "1"]
[WhiteTeam "Spain 50"]
[BlackTeam "England 50 II"]
[WhiteTeamCountry "ESP"]
[BlackTeamCountry "ENG"]

1. Nf3 e6 2. g3 b6 3. Bg2 Bb7 4. d3 d5 5. e4 Nf6 6. e5 Nfd7 7. 0-0 Be7 8. d4 c5 9. c3 Nc6 10. Re1 h6 11. h4 Qc7 12. Bf4 0-0-0 13. a4 c4 14. Na3 Ba6 15. Nd2 Na5 16. b4 cxb3 17. Nxb3 Nc4 18. Nxc4 Bxc4 19. Nd2 Kb7 20. Nxc4 Qxc4 21. Bf1 Qc7 22. a5 Nb8 23. Qa4 g5 24. axb6 axb6 25. hxg5 Bxg5 26. Bxg5 hxg5 27. Qa8+ Kc8 28. Ra7 1-0

[Event "Harrogate 4NCL op-B 21st"]
[Site "Harrogate"]
[Date "2019.01.20"]
[Round "5"]
[White "Wood, Peter R"]
[Black "Chan, Sheng Liang Bernard"]
[Result "1-0"]
[WhiteElo "1883"]
[BlackElo "1755"]
[PlyCount "73"]
[EventDate "2019.01.18"]
[EventType "swiss"]
[EventRounds "5"]
[EventCountry "ENG"]
[SourceTitle "CBM 188 Extra"]
[Source "ChessBase"]
[SourceDate "2019.02.26"]
[SourceVersion "1"]
[SourceVersionDate "2019.02.26"]
[SourceQuality "1"]

1. e4 e5 2. Bc4 Nc6 3. Nc3 Nf6 4. d3 Bc5 5. f4 d6 6. Nf3 Bg4 7. Na4 Nd4 8. Nxc5 dxc5 9. Bxf7+ Kf8 10. Bc4 Nxe4 11. 0-0 Bxf3 12. Rxf3 Nxf3+ 13. Qxf3 Nf6 14. fxe5 Qd4+ 15. Be3 Qxe5 16. Re1 Re8 17. Qxb7 g5 18. Bf2 Qd6 19. Rxe8+ Nxe8 20. Qxa7 Qe5 21. Qxc5+ Qxc5 22. Bxc5+ Kg7 23. a4 Nf6 24. a5 Ra8 25. b4 c6 26. a6 Ne8 27. Bd4+ Kg6 28. Be5 Kf5 29. d4 Ke4 30. Kf2 h5 31. Bd3+ Kd5 32. Ke3 Nd6 33. Bxd6 Kxd6 34. c4 Kc7 35. b5 Re8+ 36. Be4 cxb5 37. a7 1-0

[Event "EU-chT Seniors"]
[Site "Vienna"]
[Date "2015.07.16"]
[Round "5.20"]
[White "Alkkiomaki, Jyrki"]
[Black "Wood, Peter R"]
[Result "0-1"]
[WhiteElo "1942"]
[BlackElo "1872"]
[PlyCount "58"]
[EventDate "2015.07.12"]
[EventType "team-swiss"]
[EventRounds "9"]
[EventCountry "AUT"]
[SourceTitle "EXT 2018"]
[Source "ChessBase"]
[SourceDate "2017.10.13"]
[SourceVersion "1"]
[SourceVersionDate "2017.10.13"]
[SourceQuality "1"]
[WhiteTeam "Turku"]
[BlackTeam "England IV"]
[WhiteTeamCountry "FIN"]
[BlackTeamCountry "ENG"]

1. e4 Nf6 2. Nc3 e6 3. d4 d5 4. e5 Nfd7 5. f4 c5 6. Nf3 Nc6 7. Ne2 Be7 8. c3 Qc7 9. g3 cxd4 10. Nexd4 Nc5 11. Bd2 Bd7 12. Be2 a6 13. 0-0 b5 14. Nxc6 Bxc6 15. Nd4 g6 16. Be1 h5 17. b4 Na4 18. Qd2 Bd7 19. Bf2 Qxc3 20. Be1 Qxd2 21. Bxd2 Rc8 22. Rac1 0-0 23. h3 Nb2 24. g4 Nc4 25. Bc3 hxg4 26. hxg4 Rc7 27. Rf3 Rfc8 28. Bxc4 Rxc4 29. a3 Rxd4 0-1

[Event "London Classic op 6th"]
[Site "London"]
[Date "2014.12.10"]
[Round "3"]
[White "Wood, Peter R"]
[Black "Bin Suhayl, Ieysaa"]
[Result "1/2-1/2"]
[WhiteElo "1941"]
[BlackElo "1777"]
[PlyCount "68"]
[EventDate "2014.12.08"]
[EventType "swiss"]
[EventRounds "9"]
[EventCountry "ENG"]
[SourceTitle "CBM 163 Extra"]
[Source "ChessBase"]
[SourceDate "2014.12.23"]
[SourceVersion "1"]
[SourceVersionDate "2014.12.23"]
[SourceQuality "1"]

1. e4 e6 2. d4 d5 3. e5 c5 4. c3 Nc6 5. Nf3 Qb6 6. a3 Nh6 7. b4 cxd4 8. cxd4 Nf5 9. Bb2 Be7 10. Bd3 0-0 11. Bxf5 exf5 12. Nc3 Be6 13. 0-0 a6 14. Qd2 a5 15. b5 Na7 16. a4 Rfc8 17. Ba3 Bxa3 18. Rxa3 Rc4 19. Rc1 Qc7 20. Ne2 Rxc1+ 21. Qxc1 Qxc1+ 22. Nxc1 Rc8 23. Ra1 b6 24. Nd3 h6 25. h4 Rc4 26. Kf1 g6 27. Ke1 Nc8 28. Kd2 Ne7 29. Nb2 Rc8 30. Nd3 Kf8 31. Rc1 Rxc1 32. Kxc1 Kg7 33. Nf4 Ng8 34. Kd2 Ne7 1/2-1/2

[Event "London Classic op 6th"]
[Site "London"]
[Date "2014.12.08"]
[Round "1"]
[White "Wood, Peter R"]
[Black "Kiik, Kalle"]
[Result "0-1"]
[WhiteElo "1941"]
[BlackElo "2372"]
[PlyCount "122"]
[EventDate "2014.12.08"]
[EventType "swiss"]
[EventRounds "9"]
[EventCountry "ENG"]
[SourceTitle "CBM 163 Extra"]
[Source "ChessBase"]
[SourceDate "2014.12.23"]
[SourceVersion "1"]
[SourceVersionDate "2014.12.23"]
[SourceQuality "1"]

1. e4 d6 2. Nc3 Nf6 3. d3 Nc6 4. g3 d5 5. exd5 Nxd5 6. Bg2 Nxc3 7. bxc3 g6 8. Ne2 Bg7 9. 0-0 0-0 10. Rb1 Qd7 11. Be3 b6 12. Qd2 Bb7 13. Bh6 Rab8 14. Bxg7 Kxg7 15. Rfe1 Ne5 16. Qf4 Bxg2 17. Qxe5+ f6 18. Qe3 Bb7 19. f3 Rbe8 20. Rf1 e5 21. c4 a6 22. Nc3 f5 23. f4 Qd4 24. Qxd4 exd4 25. Nd5 Bxd5 26. cxd5 Rd8 27. Rfe1 Rxd5 28. Re6 Rc5 29. Re2 Rf7 30. Kf2 Rd7 31. Kf3 Ra5 32. Rb2 Kf7 33. Re5 Rxe5 34. fxe5 Ke6 35. Kf4 h6 36. h4 Rg7 37. g4 g5+ 38. hxg5 hxg5+ 39. Kf3 Kxe5 40. gxf5 Kxf5 41. Rb4 g4+ 42. Kg3 Ke5 43. a4 Kd5 44. Rb3 Rg6 45. Rb1 Rc6 46. Rb2 Rg6 47. Rb1 Kc5 48. Rb2 c6 49. Rb1 b5 50. a5 Kd5 51. Rh1 Kc5 52. Rb1 b4 53. Rf1 Kb5 54. Rf5+ c5 55. Re5 Rc6 56. Kxg4 Kxa5 57. Re1 Rf6 58. Kg3 Kb5 59. Kg2 a5 60. Kg1 a4 61. Re8 a3 0-1

[Event "BCF-ch Seniors"]
[Site "Aberystwyth"]
[Date "2014.07.30"]
[Round "5"]
[White "Downham, Alan"]
[Black "Wood, Peter R"]
[Result "1/2-1/2"]
[WhiteElo "1994"]
[BlackElo "1950"]
[PlyCount "84"]
[EventDate "2014.07.26"]
[EventType "swiss"]
[EventRounds "7"]
[EventCountry "WLS"]
[SourceTitle "EXT 2017"]
[Source "ChessBase"]
[SourceDate "2016.10.25"]
[SourceVersion "1"]
[SourceVersionDate "2016.10.25"]
[SourceQuality "1"]

1. c4 e5 2. Nc3 Nc6 3. g3 g6 4. Bg2 Bg7 5. d3 d6 6. e4 Nge7 7. Nge2 0-0 8. 0-0 Be6 9. Be3 f5 10. Nd5 Qd7 11. Qd2 Nd4 12. Nxd4 exd4 13. Bg5 Nc6 14. Nf4 Bf7 15. exf5 Qxf5 16. Nd5 Bxd5 17. Bxd5+ Kh8 18. Be4 Qh3 19. Bg2 Qh5 20. Bf4 Rab8 21. Qd1 Qxd1 22. Raxd1 Ne5 23. Rfe1 Rfe8 24. b4 Re7 25. Bg5 Rf7 26. h3 h6 27. Bc1 c6 28. f4 Nd7 29. Re6 Rf6 30. Re7 Rd8 31. Rde1 Kg8 32. Bb2 Rf7 33. R7e2 a5 34. b5 Nc5 35. bxc6 bxc6 36. Bxc6 Nxd3 37. Bd5 Nxe1 38. Rxe1 Kf8 39. Bxf7 Kxf7 40. Rd1 d5 41. cxd5 Rxd5 42. Kg2 Rc5 1/2-1/2

[Event "EU-chT Seniors"]
[Site "Sibenik"]
[Date "2014.04.01"]
[Round "1.11"]
[White "Wood, Peter R"]
[Black "Hurme, Harri M"]
[Result "0-1"]
[WhiteElo "1951"]
[BlackElo "2150"]
[PlyCount "94"]
[EventDate "2014.04.01"]
[EventType "team-swiss"]
[EventRounds "9"]
[EventCountry "CRO"]
[SourceTitle "CBM 159 Extra"]
[Source "ChessBase"]
[SourceDate "2014.04.24"]
[SourceVersion "1"]
[SourceVersionDate "2014.04.24"]
[SourceQuality "1"]
[WhiteTeam "England Seniors II"]
[BlackTeam "Finland Seniors"]
[WhiteTeamCountry "ENG"]
[BlackTeamCountry "FIN"]

1. e4 e5 2. Bc4 Nf6 3. Nc3 c6 4. d3 d5 5. exd5 cxd5 6. Bb5+ Nc6 7. Nge2 Bd6 8. Bg5 Be6 9. d4 0-0 10. 0-0 h6 11. Bh4 Qb6 12. Bxc6 bxc6 13. Qd2 Nd7 14. Na4 Qc7 15. Bg3 f6 16. b3 Rad8 17. Rac1 c5 18. c3 Rfe8 19. b4 cxb4 20. cxb4 Qb8 21. Nc5 Bf7 22. a3 Nb6 23. Qd3 Nc4 24. Rb1 Qc8 25. Rfe1 a5 26. Rb3 axb4 27. axb4 Qa8 28. Reb1 Qa2 29. Nc3 Qd2 30. Nb5 Qxd3 31. Rxd3 Bg6 32. Nxd6 Rxd6 33. Rdd1 Bxb1 34. Rxb1 Rb6 35. h3 exd4 36. Rd1 Rxb4 37. Rxd4 Re1+ 38. Kh2 Rbb1 39. Bf4 Red1 40. Rxd1 Rxd1 41. Kg3 g5 42. Bb8 Kf7 43. Kf3 Re1 44. Ba7 Ne5+ 45. Kg3 Ra1 46. Bb6 f5 47. Nb3 Ra3 0-1

[Event "London Classic op 5th"]
[Site "London"]
[Date "2013.12.09"]
[Round "3"]
[White "Mende, Andreas"]
[Black "Wood, Peter R"]
[Result "1-0"]
[WhiteElo "2161"]
[BlackElo "1970"]
[PlyCount "69"]
[EventDate "2013.12.07"]
[EventType "swiss"]
[EventRounds "9"]
[EventCountry "ENG"]
[SourceTitle "CBM 157 Extra"]
[Source "ChessBase"]
[SourceDate "2013.12.19"]
[SourceVersion "1"]
[SourceVersionDate "2013.12.19"]
[SourceQuality "1"]

1. d4 e6 2. c4 f5 3. Nf3 Nf6 4. g3 Be7 5. Bg2 d6 6. 0-0 0-0 7. Nc3 Ne4 8. Nxe4 fxe4 9. Nd2 d5 10. f3 exf3 11. Nxf3 Nc6 12. b3 b6 13. Bb2 Bb7 14. Bh3 Qd6 15. Rc1 Bf6 16. c5 bxc5 17. Ba3 Qd7 18. Bxc5 Rfe8 19. b4 Ba6 20. a4 Bc4 21. b5 Na5 22. Bb4 Nb7 23. Ne5 Bxe5 24. dxe5 Rad8 25. Bg2 c5 26. Bd2 Qc7 27. Rf4 Na5 28. Rb1 Rb8 29. Qc2 a6 30. Qc3 Nc6 31. Rxc4 dxc4 32. Bxc6 Red8 33. Be3 axb5 34. axb5 Qb6 35. Qxc4 1-0